Najczęściej słuchane piosenki Young Multiego - Statystyki

Ogólne statystyki
  • Ten quiz został rozwiązany 29 razy
  • Średni wynik to 7 z 10
Statystyki odpowiedzi
NUMER TYTUŁ % Poprawnych
5 SÓL
86%
2 Młody Manson
81%
6 BEZ SERCA
76%
10 Plecak
76%
3 AK47
71%
9 Power Up
71%
8 Pogba
67%
7(feat) Delfin
62%
1(feat) KIEDYŚ CIĘ ZNAJDĘ
57%
4(feat METROPOLIA
38%
Nie znaleziono quizów pasujących do podanych kryteriów
Rozkład punktacji
Procent ludzi z każdym wynikiem
Percentyl według liczby udzielonych odpowiedzi
Twoja historia wyników
Nie rozwiązałeś tego quizu